| 000 | 00976nam a2200217 a 4500 | ||
|---|---|---|---|
| 005 | 20210219160141.0 | ||
| 008 | 080917s1985 mx r 000 0 spa d | ||
| 035 | _aUPN01000159501 | ||
| 049 | _aUNE | ||
| 080 | _a31:37 (7/8)GON. | ||
| 100 | 1 | _aGonzález, Luis Eduardo | |
| 245 | 1 | 0 | _aDesarrollo de la informática en los sistemas de educación de países de AméricaLatina y el Caribe. |
| 260 |
_aSantiago de Chile : _bOficina Regional de Educación de la UNESCO para América Latina y el Caribe, _c1985. |
||
| 300 |
_a167 p. ; _bil., fot. |
||
| 440 | 0 | _aInformaciones estadísticas de la Educación y análisis cuant-) | |
| 690 | _aSistemas educacionales- Sistemas de información- America Lat | ||
| 690 | _aSistemas de informacion- Sistemas educacionales- America Lat | ||
| 690 | _aAmerica Latina- Sistemas de informacion- Sistemas educacion. | ||
| 710 | 2 | _aOREALC. Oficina Regional de Educación de la UNESCO para América Latina y el Caribe. | |
| 905 | _aUNESCO | ||
| 999 |
_c131615 _d131615 |
||